书目信息 |
| 题名: |
你的职业性格是什么?
|
|
| 作者: | 邓宁 , 邓宁 著 ;邢之浩 , 王瑶 译 | |
| 分册: | ||
| 出版信息: | 北京 电子工业出版社 2014 |
|
| 页数: | 322页 | |
| 开本: | 24cm | |
| 丛书名: | ||
| 单 册: | ||
| 中图分类: | C913.2 | |
| 科图分类: | ||
| 主题词: | 性格--影响--职业选择 , 职业选择 , 性格 | |
| 电子资源: | ||
| ISBN: | 978-7-121-22551-2 | |
| 000 | 01221nam0 2200313 450 | |
| 001 | 140566 | |
| 005 | 20140928170928.09 | |
| 010 | @a978-7-121-22551-2@dCNY 48.00 | |
| 100 | @a20140606d2014 em y0chiy50 ea | |
| 101 | 1 | @achi@ceng |
| 102 | @aCN@b110000 | |
| 105 | @ay z 000yy | |
| 200 | 1 | @a你的职业性格是什么?@Ani de zhi ye xing ge shi shi me ?@b专著@dWhat's your type of careep?@eMBTI 16型人格与职业规划@f(美)邓宁著@F(mei)deng ning zhu@g王瑶,邢之浩译@zeng |
| 210 | @a北京@c电子工业出版社@d2014 | |
| 215 | @a322页@d24cm | |
| 305 | @a据原书第2版译出 | |
| 330 | @a本书结合国际上公认的MBTI性格分析工具,介绍如何通过简单的5个步骤找到适合自己性格的职业,全书共分为四篇,内容包括:一切从你自己开始、外向型的职业生涯、内向型的职业生涯、选择好自己的职业。 | |
| 510 | 1 | @aWhat's your type of careep?@zeng |
| 517 | 1 | @aMBTI 16型人格与职业规划@AMBTI 16 xing ren ge yu zhi ye gui hua |
| 606 | 0 | @a性格@x影响@x职业选择 |
| 606 | 0 | @a职业选择 |
| 606 | 0 | @a性格 |
| 690 | @aC913.2@v5 | |
| 701 | 0 | @c(美)@a邓宁@Adeng ning@c(女,Dunning, Donna)@4著 |
| 701 | 0 | @a邓宁@Adeng ning@4著 |
| 702 | 0 | @a邢之浩@Axing zhi hao@4译 |
| 702 | 0 | @a王瑶@Awang yao@4译 |
| 801 | 0 | @c20140928 |
| 905 | @a241430@dC913.2@eD302 | |
| 你的职业性格是什么?=What's your type of careep?:MBTI 16型人格与职业规划/(美)邓宁著/王瑶,邢之浩译.-北京:电子工业出版社,2014 |
| 322页;24cm |
| ISBN 978-7-121-22551-2:CNY 48.00 |
| 本书结合国际上公认的MBTI性格分析工具,介绍如何通过简单的5个步骤找到适合自己性格的职业,全书共分为四篇,内容包括:一切从你自己开始、外向型的职业生涯、内向型的职业生涯、选择好自己的职业。 |
| ● |
| 相关链接 |
|
|
|
正题名:你的职业性格是什么?
索取号:C913.2/D302
 
预约/预借
| 序号 | 登录号 | 条形码 | 馆藏地/架位号 | 状态 | 备注 |
| 1 | 0835546 | 208355466 | 社科库509/509社科库 61排5列3层/ [索取号:C913.2/D302] | 在馆 | |
| 2 | 0835547 | 208355475 | 社科库509/509社科库 61排5列3层/ [索取号:C913.2/D302] | 在馆 | |
| 3 | 0835548 | 208355484 | 社科库509/509社科库 61排5列3层/ [索取号:C913.2/D302] | 在馆 |